[Event "Pilsen Open 2015"]
[Site "Pilsen CZE"]
[Date "2015.11.22"]
[Round "1.1"]
[White "Kruijf, Caspar"]
[Black "Plischki, Sebastian"]
[Result "0-1"]
[WhiteElo "1892"]
[BlackElo "2392"]
[PlyCount "168"]
[EventDate "2015.11.22"]
[EventType "swiss"]
[EventRounds "7"]
[EventCountry "CZE"]
[Source "lmi"]
[SourceDate "2015.11.22"]

1. e4 c6 2. d4 d5 3. Nc3 dxe4 4. Nxe4 Bf5 5. Ng3 Bg6 6. h4 h6 7. Nf3 e6 8. h5
Bh7 9. Bd3 Bxd3 10. Qxd3 Nf6 11. Bd2 Be7 12. O-O-O O-O 13. c4 b5 14. cxb5 cxb5
15. Qxb5 Nbd7 16. Ba5 Qc8+ 17. Kb1 Rb8 18. Qd3 Qb7 19. Rd2 Rfc8 20. Re1 Bd6 21.
Ne5 Bxe5 22. dxe5 Nd5 23. Nf5 Rc5 24. Nd6 Qc6 25. Rc2 Nxe5 26. Rxe5 Qxd6 27.
Rxc5 Qxe5 28. Qc2 Qxh5 29. g3 Qh1+ 30. Qc1 Qe4+ 31. Qc2 Qd4 32. Rc4 Rxb2+ 33.
Qxb2 Qxc4 34. Qb8+ Kh7 35. Qxa7 Qb5+ 36. Ka1 f5 37. Bd2 Qd3 38. Ba5 Qc2 39. a3
Qc1+ 40. Ka2 Qc4+ 41. Kb2 f4 42. gxf4 Qxf4 43. Bc3 Nxc3 44. Kxc3 h5 45. Qd4
Qc1+ 46. Kb4 Qb1+ 47. Kc4 Qa2+ 48. Kb4 Qd5 49. Qh4 Kh6 50. Qf4+ Qg5 51. Qf8 Qf6
52. Qh8+ Kg5 53. a4 Qd4+ 54. Kb5 Qd7+ 55. Kb4 h4 56. a5 Qb7+ 57. Kc5 Kg4 58.
Qh7 Qc7+ 59. Kb5 Qe5+ 60. Kb6 h3 61. a6 h2 62. a7 Qd6+ 63. Kb7 Qd5+ 64. Kb8
h1=Q 65. Qxg7+ Kf3 66. a8=Q Qb1+ 67. Qab7 Qbxb7+ 68. Qxb7 Kxf2 69. Qf7+ Ke1 70.
Kc7 Qc5+ 71. Kd7 e5 72. Qa2 Qd4+ 73. Ke6 e4 74. Qb1+ Kf2 75. Qc2+ Kg3 76. Qc1
Kg4 77. Qe1 Qc4+ 78. Ke5 Qc5+ 79. Ke6 Qf5+ 80. Kd6 Qf3 81. Ke5 e3 82. Kd4 e2
83. Kc5 Kh3 84. Kd4 Kg2 0-1

[Event "Pilsen Open 2015"]
[Site "Pilsen CZE"]
[Date "2015.11.22"]
[Round "1.2"]
[White "Strebkovs, Andrejs"]
[Black "Pribylova, Sofie"]
[Result "1-0"]
[WhiteElo "2328"]
[BlackElo "1888"]
[PlyCount "55"]
[EventDate "2015.11.22"]
[EventType "swiss"]
[EventRounds "7"]
[EventCountry "CZE"]
[Source "lmi"]
[SourceDate "2015.11.22"]

1. Nf3 Nf6 2. d4 g6 3. Bf4 Bg7 4. e3 O-O 5. Nbd2 d5 6. Be2 c5 7. dxc5 Qa5 8.
O-O Qxc5 9. c4 dxc4 10. Nxc4 b5 11. Na3 a6 12. Rc1 Qb6 13. Bc7 Qa7 14. Nd4 Bb7
15. Nb1 Nd5 16. Bg3 e5 17. Nb3 Qb6 18. Nc5 Ne7 19. Nxb7 Qxb7 20. Bf3 Nbc6 21.
Bh4 f6 22. Bxc6 Nxc6 23. Qd5+ Kh8 24. Qxc6 Qxc6 25. Rxc6 g5 26. Bg3 f5 27. f3
f4 28. Bf2 1-0

[Event "Pilsen Open 2015"]
[Site "Pilsen CZE"]
[Date "2015.11.22"]
[Round "1.3"]
[White "Jurek, Josef"]
[Black "Sargsjan, Karen"]
[Result "1-0"]
[WhiteElo "2290"]
[BlackElo "1868"]
[PlyCount "121"]
[EventDate "2015.11.22"]
[EventType "swiss"]
[EventRounds "7"]
[EventCountry "CZE"]
[Source "lmi"]
[SourceDate "2015.11.22"]

1. Nf3 d5 2. c4 c6 3. d4 Nf6 4. Qc2 g6 5. Bf4 Bg7 6. e3 O-O 7. Nc3 Nbd7 8. Be2
Nb6 9. cxd5 Nbxd5 10. Be5 Bf5 11. Qb3 Qa5 12. O-O Qb4 13. Qxb4 Nxb4 14. a3 Nbd5
15. Na4 Nd7 16. Bxg7 Kxg7 17. Rac1 Rac8 18. h3 f6 19. Rfe1 N5b6 20. Nc3 Nd5 21.
Na4 N5b6 22. Nc5 Nxc5 23. dxc5 Nd5 24. Bc4 Be6 25. Nd4 Bf7 26. Bxd5 Bxd5 27. e4
Bg8 28. f4 Rcd8 29. Rcd1 Rfe8 30. Nf3 Bb3 31. Rd4 Bf7 32. Red1 Rxd4 33. Rxd4
Be6 34. g4 Kf7 35. Kf2 b6 36. f5 Bc8 37. Ra4 bxc5 38. Rxa7 Rd8 39. Ra8 Ke8 40.
Ke3 Bd7 41. Rxd8+ Kxd8 42. h4 gxf5 43. gxf5 Kc7 44. Kf4 Kd6 45. Nd2 Be8 46.
Nc4+ Kd7 47. e5 Bh5 48. Nd2 fxe5+ 49. Kxe5 Bf7 50. Ne4 c4 51. Nc5+ Kc7 52. Ne6+
Kb6 53. Nf8 Bg8 54. Ng6 hxg6 55. fxg6 c3 56. bxc3 Bb3 57. h5 Bc2 58. Ke6 Kc5
59. Kxe7 Kc4 60. Kf6 Kxc3 61. h6 1-0

[Event "Pilsen Open 2015"]
[Site "Pilsen CZE"]
[Date "2015.11.22"]
[Round "1.4"]
[White "Wasik, Jozef"]
[Black "Docekal, Jan"]
[Result "0-1"]
[WhiteElo "1849"]
[BlackElo "2276"]
[PlyCount "62"]
[EventDate "2015.11.22"]
[EventType "swiss"]
[EventRounds "7"]
[EventCountry "CZE"]
[Source "lmi"]
[SourceDate "2015.11.22"]

1. d4 c5 2. c3 g6 3. Bg5 Bg7 4. Nf3 Qb6 5. Qb3 cxd4 6. Qxb6 axb6 7. Nxd4 Nc6 8.
Nb5 Ra5 9. e3 d6 10. Bh4 Be6 11. Nc7+ Kd7 12. Nxe6 fxe6 13. Nd2 Nh6 14. Ne4 Rh5
15. Bg3 b5 16. Nd2 b4 17. Rc1 bxc3 18. bxc3 Ra8 19. Be2 Rc5 20. Ne4 Rca5 21.
O-O Rxa2 22. Bc4 R2a5 23. Nd2 Rc5 24. Rb1 Ra7 25. Bb5 Rxc3 26. Ne4 Rc2 27. Ng5
Rc5 28. Nxh7 Nf5 29. h4 Bh6 30. Bxc6+ bxc6 31. Kh2 Ra4 0-1

[Event "Pilsen Open 2015"]
[Site "Pilsen CZE"]
[Date "2015.11.22"]
[Round "1.5"]
[White "Dambrauskas, Virginijus"]
[Black "Pribyl, Viktor"]
[Result "1-0"]
[WhiteElo "2267"]
[BlackElo "1830"]
[PlyCount "49"]
[EventDate "2015.11.22"]
[EventType "swiss"]
[EventRounds "7"]
[EventCountry "CZE"]
[Source "lmi"]
[SourceDate "2015.11.22"]

1. d4 Nf6 2. c4 g6 3. f3 d5 4. cxd5 Nxd5 5. e4 Nb6 6. Nc3 Bg7 7. Be3 O-O 8. Qd2
Nc6 9. O-O-O a5 10. h4 a4 11. h5 a3 12. b3 Re8 13. hxg6 hxg6 14. Bb5 Bd7 15.
Bxc6 Bxc6 16. d5 Bd7 17. g4 f6 18. Bh6 Bh8 19. Nh3 Kf7 20. Qf4 Kg8 21. Qh2 Kf7
22. Nf4 Rg8 23. Nce2 Qe8 24. Kb1 g5 25. Qh5+ 1-0

[Event "Pilsen Open 2015"]
[Site "Pilsen CZE"]
[Date "2015.11.22"]
[Round "1.6"]
[White "Chudinovskikh, Alexander M"]
[Black "Soutner, Jaroslav"]
[Result "1-0"]
[WhiteElo "2235"]
[BlackElo "1777"]
[PlyCount "57"]
[EventDate "2015.11.22"]
[EventType "swiss"]
[EventRounds "7"]
[EventCountry "CZE"]
[Source "lmi"]
[SourceDate "2015.11.22"]

1. d4 Nf6 2. Bf4 d5 3. e3 e6 4. Nf3 c5 5. c3 Nc6 6. Nbd2 cxd4 7. exd4 Be7 8.
Bd3 O-O 9. O-O b6 10. Re1 Bb7 11. Ne5 Nxe5 12. dxe5 Nd7 13. Qh5 g6 14. Qh6 Re8
15. Nf3 Bf8 16. Qh3 Bg7 17. Bh6 Qe7 18. Bb5 Red8 19. Bg5 Qc5 20. Bxd8 Qxb5 21.
Nd4 Qxb2 22. Nxe6 Bxe5 23. Ng5 Nf8 24. Rad1 Rxd8 25. Rxe5 d4 26. Ree1 Qb5 27.
Qh4 Qd5 28. Ne4 Kg7 29. Rxd4 1-0

[Event "Pilsen Open 2015"]
[Site "Pilsen CZE"]
[Date "2015.11.22"]
[Round "1.7"]
[White "Berka, Lubos"]
[Black "Piankov, Evgenij"]
[Result "0-1"]
[WhiteElo "1769"]
[BlackElo "2233"]
[PlyCount "76"]
[EventDate "2015.11.22"]
[EventType "swiss"]
[EventRounds "7"]
[EventCountry "CZE"]
[Source "lmi"]
[SourceDate "2015.11.22"]

1. e4 c6 2. d4 d5 3. Nc3 g6 4. exd5 cxd5 5. Nf3 Bg7 6. Ne5 Nf6 7. Bb5+ Bd7 8.
Nxd7 Nbxd7 9. Qf3 a6 10. Ba4 b5 11. Bb3 e6 12. Ne2 O-O 13. O-O a5 14. c3 Qb6
15. Ng3 a4 16. Bc2 b4 17. Bd2 Rfc8 18. a3 bxc3 19. bxc3 Qc7 20. Rfb1 Nb6 21.
Bd3 Nfd7 22. Bb5 Nc4 23. Bxc4 Qxc4 24. Rb4 Qc6 25. Rab1 Bf8 26. Rb7 Rab8 27.
Rxb8 Rxb8 28. Rxb8 Nxb8 29. Qf6 Qb6 30. Bf4 Nd7 31. Qh4 Bxa3 32. h3 Bf8 33. Nh5
gxh5 34. Qg5+ Bg7 35. Qe7 Nf8 36. Kh2 Qc6 37. Qg5 h6 38. Qg3 Ng6 0-1

[Event "Pilsen Open 2015"]
[Site "Pilsen CZE"]
[Date "2015.11.22"]
[Round "1.8"]
[White "Palek, Miroslav"]
[Black "Sedivy, Roman"]
[Result "1-0"]
[WhiteElo "2214"]
[BlackElo "1767"]
[PlyCount "47"]
[EventDate "2015.11.22"]
[EventType "swiss"]
[EventRounds "7"]
[EventCountry "CZE"]
[Source "lmi"]
[SourceDate "2015.11.22"]

1. e4 c5 2. Nf3 Nc6 3. Bb5 d6 4. d4 cxd4 5. Qxd4 Nf6 6. Bg5 Bd7 7. Bxc6 Bxc6 8.
Nc3 Qa5 9. O-O h6 10. Bxf6 gxf6 11. Nd5 Rg8 12. b4 Qd8 13. Rac1 Bg7 14. Qd3 a6
15. c4 e6 16. Nf4 Qd7 17. Rfd1 Rd8 18. h3 b5 19. Nh5 e5 20. cxb5 Bxb5 21. Qe3
Kf8 22. Nh4 f5 23. Nxf5 Qe6 24. Qb6 1-0

[Event "Pilsen Open 2015"]
[Site "Pilsen CZE"]
[Date "2015.11.22"]
[Round "1.9"]
[White "Samarin, Leonid"]
[Black "Kiltti, Jyrki"]
[Result "0-1"]
[WhiteElo "1743"]
[BlackElo "2203"]
[PlyCount "100"]
[EventDate "2015.11.22"]
[EventType "swiss"]
[EventRounds "7"]
[EventCountry "CZE"]
[Source "lmi"]
[SourceDate "2015.11.22"]

1. d4 Nf6 2. Bg5 c5 3. Bxf6 gxf6 4. c3 Qb6 5. b3 cxd4 6. Qxd4 Qxd4 7. cxd4 Nc6
8. e3 e5 9. Nf3 d5 10. Nbd2 Rg8 11. g3 Bb4 12. a3 Bd6 13. b4 a5 14. b5 Ne7 15.
a4 Bf5 16. Nh4 Be6 17. Bd3 e4 18. Be2 Rc8 19. Kd1 Kd7 20. Rc1 Bb4 21. Nb1 Kd6
22. Rc2 f5 23. Kc1 Rxc2+ 24. Kxc2 Rc8+ 25. Kb2 Rc7 26. Rc1 Rxc1 27. Kxc1 Be1
28. Ng2 Bxf2 29. Nd2 f4 30. gxf4 Bh3 31. Bf1 Bxg2 32. Bxg2 Bxe3 33. Kd1 Bxf4
34. h4 Bxd2 35. Kxd2 Nf5 36. h5 Nxd4 37. Bh3 Ke5 38. Bg4 b6 39. Bd7 h6 40. Be8
f5 41. Bd7 Nb3+ 42. Kc3 Nc5 43. Bc8 Nxa4+ 44. Kb3 Nc5+ 45. Kc3 d4+ 46. Kc4 d3
47. Kc3 e3 48. Ba6 f4 49. Bc8 f3 50. Bh3 f2 0-1

[Event "Pilsen Open 2015"]
[Site "Pilsen CZE"]
[Date "2015.11.22"]
[Round "1.10"]
[White "Ilandzis, Spyridon"]
[Black "Von Keyserlingk, Chanda"]
[Result "1-0"]
[WhiteElo "2173"]
[BlackElo "1743"]
[PlyCount "89"]
[EventDate "2015.11.22"]
[EventType "swiss"]
[EventRounds "7"]
[EventCountry "CZE"]
[Source "lmi"]
[SourceDate "2015.11.22"]

1. b3 d5 2. Bb2 Nf6 3. e3 e6 4. f4 c5 5. Nf3 Nc6 6. Bb5 a6 7. Bxc6+ bxc6 8. O-O
Be7 9. Ne5 Bb7 10. d3 a5 11. a4 Rc8 12. Nd2 Ba6 13. Rf3 O-O 14. Rg3 d4 15. e4
Qc7 16. Bc1 Bd6 17. Nec4 Bxc4 18. Nxc4 Bxf4 19. Bxf4 Qxf4 20. Nxa5 Qc7 21. Nc4
e5 22. Qd2 Nh5 23. Rg5 Nf4 24. Rxe5 f6 25. Rxc5 Ne6 26. Rf5 g6 27. Rf2 Ng7 28.
Raf1 Qe7 29. Qf4 Nh5 30. Qd6 Qxd6 31. Nxd6 Rcd8 32. Nb7 Rd7 33. Nc5 Rdf7 34.
Ne6 Re8 35. Nxd4 c5 36. Nb5 Re6 37. Nc3 Ng7 38. Nd5 f5 39. g4 Re5 40. gxf5 gxf5
41. Ne3 Kf8 42. Nxf5 Ne6 43. Nd4 Nd8 44. Nc6 Rg5+ 45. Kh1 1-0

[Event "Pilsen Open 2015"]
[Site "Pilsen CZE"]
[Date "2015.11.22"]
[Round "1.11"]
[White "Kuba, Stanislav"]
[Black "Koubova, Anna Marie"]
[Result "1-0"]
[WhiteElo "2135"]
[BlackElo "1720"]
[PlyCount "33"]
[EventDate "2015.11.22"]
[EventType "swiss"]
[EventRounds "7"]
[EventCountry "CZE"]
[Source "lmi"]
[SourceDate "2015.11.22"]

1. g3 c5 2. c4 g6 3. Bg2 Bg7 4. Nc3 Nf6 5. e3 e6 6. Nge2 O-O 7. O-O Nc6 8. d4
cxd4 9. exd4 d5 10. c5 b6 11. Bf4 bxc5 12. dxc5 Ba6 13. Qa4 Qc8 14. Rac1 Qb7
15. b4 Bc4 16. b5 Nd4 17. Qxc4 1-0

[Event "Pilsen Open 2015"]
[Site "Pilsen CZE"]
[Date "2015.11.22"]
[Round "1.12"]
[White "Friedel, Roland"]
[Black "Juricek, Stanislav"]
[Result "0-1"]
[WhiteElo "1696"]
[BlackElo "2107"]
[PlyCount "82"]
[EventDate "2015.11.22"]
[EventType "swiss"]
[EventRounds "7"]
[EventCountry "CZE"]
[Source "lmi"]
[SourceDate "2015.11.22"]

1. d4 Nf6 2. Nf3 g6 3. Bg5 Bg7 4. Nbd2 O-O 5. e3 d6 6. Bd3 Nbd7 7. O-O e5 8. c3
Qe7 9. Ne4 h6 10. Nxf6+ Nxf6 11. dxe5 hxg5 12. exf6 Bxf6 13. Qc2 Kg7 14. Rfe1
Bd7 15. Nd2 Rh8 16. Nf1 Rh6 17. Be4 Rb8 18. f3 b6 19. Rad1 Rbh8 20. Rd2 Qf8 21.
f4 Qe7 22. g3 Re8 23. fxg5 Bxg5 24. Bg2 Bh3 25. Rf2 Bxg2 26. Kxg2 Rh5 27. Rfe2
Bh6 28. Qd3 Kg8 29. a3 a5 30. Qd4 Re5 31. Kf3 Qe6 32. Kg2 Re4 33. Qd3 d5 34.
Nd2 Re5 35. Nf3 Rh5 36. Nd2 Qh3+ 37. Kh1 Rxe3 38. Qb5 Qxg3 39. Nf1 Qf3+ 40. Kg1
Rg5+ 41. Ng3 Rxg3+ 0-1

[Event "Pilsen Open 2015"]
[Site "Pilsen CZE"]
[Date "2015.11.22"]
[Round "1.13"]
[White "Eret, Jonas"]
[Black "Froehlich, Manuel"]
[Result "1/2-1/2"]
[WhiteElo "2098"]
[BlackElo "1675"]
[PlyCount "138"]
[EventDate "2015.11.22"]
[EventType "swiss"]
[EventRounds "7"]
[EventCountry "CZE"]
[Source "lmi"]
[SourceDate "2015.11.22"]

1. e4 c5 2. Nf3 d6 3. b3 Nc6 4. Bb2 e5 5. c3 Nf6 6. d3 Be7 7. Nbd2 Bg4 8. Be2
a6 9. O-O b5 10. d4 cxd4 11. cxd4 Rc8 12. d5 Bxf3 13. Nxf3 Nb8 14. Bd3 O-O 15.
Qe2 Qb6 16. b4 Rc7 17. Bc1 Rfc8 18. Be3 Qb7 19. g3 Nbd7 20. a4 Rb8 21. axb5
axb5 22. Ra5 Qc8 23. Bd2 Rcb7 24. Rxb5 Rxb5 25. Bxb5 Nf8 26. Rc1 Qg4 27. Bd3
Ng6 28. Kh1 Bd8 29. Rc6 Qd7 30. Ne1 Ne7 31. Ra6 Ng4 32. h3 Nf6 33. Kg2 Qb7 34.
Nc2 Ne8 35. Be3 f5 36. f3 fxe4 37. fxe4 Nc8 38. Ra1 Bb6 39. Bg5 h6 40. Bd2 Nf6
41. Rf1 Qe7 42. b5 Bc5 43. Be3 Bxe3 44. Nxe3 g6 45. Rb1 Nb6 46. Rc1 Na4 47. Ng4
Kg7 48. Rc6 Nc5 49. Nxf6 Qxf6 50. b6 Rf8 51. Rc7+ Kg8 52. Bc2 Rb8 53. Rc6 Rf8
54. Rc7 Rb8 55. Qe3 Rf8 56. Qe2 Rb8 57. Rc6 Rf8 58. h4 h5 59. Bb1 Rf7 60. Rc7
Kg7 61. Rxf7+ Qxf7 62. Qb5 Qe7 63. Qc6 Kf7 64. Bc2 Qd7 65. Ba4 Qg4 66. Qe8+ Kg7
67. Qe7+ Kg8 68. Qe8+ Kg7 69. Qe7+ Kg8 1/2-1/2

[Event "Pilsen Open 2015"]
[Site "Pilsen CZE"]
[Date "2015.11.22"]
[Round "1.14"]
[White "Leseticky, Vladimir"]
[Black "Resnjanskij, Denis"]
[Result "0-1"]
[WhiteElo "1658"]
[BlackElo "2087"]
[PlyCount "58"]
[EventDate "2015.11.22"]
[EventType "swiss"]
[EventRounds "7"]
[EventCountry "CZE"]
[Source "lmi"]
[SourceDate "2015.11.22"]

1. e4 d5 2. exd5 Qxd5 3. Nc3 Qa5 4. d4 Nf6 5. Nf3 c6 6. Be2 Bg4 7. O-O Nbd7 8.
Bd2 Qc7 9. Ng5 Bxe2 10. Qxe2 h6 11. Nge4 O-O-O 12. a4 Nxe4 13. Nxe4 Nf6 14.
Nxf6 exf6 15. Qg4+ Qd7 16. Qxd7+ Rxd7 17. Be3 f5 18. Rad1 g5 19. d5 c5 20. f3
Bd6 21. b4 cxb4 22. Bxa7 Rc7 23. Bd4 Re8 24. Rc1 Bf4 25. Bb6 Bxc1 26. Rxc1 Rc4
27. Kf1 b3 28. c3 Rxa4 29. c4 b2 0-1

[Event "Pilsen Open 2015"]
[Site "Pilsen CZE"]
[Date "2015.11.22"]
[Round "1.15"]
[White "Ruzicka, Vaclav"]
[Black "Scholzen, Wolfgang"]
[Result "1/2-1/2"]
[WhiteElo "1642"]
[BlackElo "2065"]
[PlyCount "88"]
[EventDate "2015.11.22"]
[EventType "swiss"]
[EventRounds "7"]
[EventCountry "CZE"]
[Source "lmi"]
[SourceDate "2015.11.22"]

1. d4 Nf6 2. c4 g6 3. Nf3 Bg7 4. g3 O-O 5. Bg2 d6 6. O-O Nbd7 7. Nc3 c6 8. e4
Qc7 9. Qc2 e5 10. d5 a6 11. Be3 cxd5 12. cxd5 Ng4 13. Bd2 f5 14. h3 Nh6 15.
Rac1 Nb6 16. Ng5 Re8 17. Kh2 Bd7 18. a4 Rac8 19. b3 fxe4 20. Bxe4 Nf5 21. Qd3
Qd8 22. Ne6 Qe7 23. a5 Na8 24. Bxf5 gxf5 25. Qxf5 Nc7 26. Bg5 Bxe6 27. dxe6
Qxe6 28. Qxe6+ Nxe6 29. Be3 Nd4 30. Ne4 Nb5 31. Rfd1 Rxc1 32. Bxc1 Rc8 33. Be3
Rc6 34. Kg2 Kf7 35. Kf3 Ke7 36. g4 Nc3 37. Rc1 Nxe4 38. Kxe4 Ke6 39. Rxc6 bxc6
40. Kd3 d5 41. f3 d4 42. Bd2 Kd5 43. b4 Bf8 44. h4 c5 1/2-1/2

[Event "Pilsen Open 2015"]
[Site "Pilsen CZE"]
[Date "2015.11.22"]
[Round "1.16"]
[White "Verwoert, Jef"]
[Black "Novy, Jan"]
[Result "1-0"]
[WhiteElo "2030"]
[BlackElo "1607"]
[PlyCount "75"]
[EventDate "2015.11.22"]
[EventType "swiss"]
[EventRounds "7"]
[EventCountry "CZE"]
[Source "lmi"]
[SourceDate "2015.11.22"]

1. e4 d5 2. exd5 Nf6 3. Nf3 Nxd5 4. d4 e6 5. Be2 Be7 6. c4 Nf6 7. O-O O-O 8.
Nc3 c6 9. h3 a6 10. Be3 b5 11. b3 Nbd7 12. Ne5 Bb7 13. f4 Rc8 14. Bf3 Bb4 15.
Ne2 Qb6 16. c5 Qd8 17. a3 Ba5 18. b4 Nxe5 19. dxe5 Nd5 20. Bxd5 Bc7 21. Bb3 Qe7
22. Qc2 Qh4 23. Nc3 Rce8 24. Ne4 f5 25. Nd6 Bxd6 26. cxd6 Qd8 27. d7 Qxd7 28.
Bc5 Rf7 29. Rad1 Qc7 30. Qd3 Bc8 31. Qd6 Qb7 32. Bxe6 Bxe6 33. Qxe6 Qa8 34. Qb3
g6 35. Rd7 Ref8 36. Rfd1 Kg7 37. Bxf8+ Qxf8 38. Qxf7+ 1-0

[Event "Pilsen Open 2015"]
[Site "Pilsen CZE"]
[Date "2015.11.23"]
[Round "2.1"]
[White "Plischki, Sebastian"]
[Black "Simet, Martin"]
[Result "1-0"]
[WhiteElo "2392"]
[BlackElo "2116"]
[PlyCount "61"]
[EventDate "2015.11.22"]
[EventType "swiss"]
[EventRounds "7"]
[EventCountry "CZE"]
[Source "lmi"]
[SourceDate "2015.11.22"]

1. d4 Nf6 2. c4 g6 3. g3 Bg7 4. Bg2 d5 5. cxd5 Nxd5 6. Nf3 Nc6 7. e4 Nb6 8. d5
Ne5 9. Nxe5 Bxe5 10. Nc3 O-O 11. O-O e6 12. Bh6 Re8 13. Rc1 exd5 14. exd5 Bf5
15. b3 Rc8 16. Qd2 c6 17. dxc6 Qxd2 18. Bxd2 bxc6 19. Rfe1 c5 20. Nb5 Bb2 21.
Nxa7 Bxc1 22. Rxc1 Rc7 23. Nb5 Rd7 24. Be3 Nd5 25. Bxd5 Rxd5 26. Nc7 Rxe3 27.
Nxd5 Re2 28. Kf1 Re5 29. Ne3 Be4 30. Ke2 f5 31. f4 1-0

[Event "Pilsen Open 2015"]
[Site "Pilsen CZE"]
[Date "2015.11.23"]
[Round "2.2"]
[White "Juricek, Stanislav"]
[Black "Strebkovs, Andrejs"]
[Result "0-1"]
[WhiteElo "2107"]
[BlackElo "2328"]
[PlyCount "68"]
[EventDate "2015.11.22"]
[EventType "swiss"]
[EventRounds "7"]
[EventCountry "CZE"]
[Source "lmi"]
[SourceDate "2015.11.22"]

1. e4 g6 2. d4 Bg7 3. Nc3 d6 4. f4 Nf6 5. Nf3 O-O 6. Bd3 Na6 7. a3 c5 8. dxc5
Nxc5 9. O-O b6 10. Qe2 Nxd3 11. cxd3 Ba6 12. Be3 Nd7 13. Nd4 Rc8 14. Rad1 Nc5
15. Rf3 Qd7 16. f5 Na4 17. Nd5 Rfe8 18. Qf2 e6 19. fxe6 fxe6 20. Nf6+ Bxf6 21.
Rxf6 Nc5 22. Bh6 Nxd3 23. Rxd3 Bxd3 24. Qf3 Bc4 25. Qg4 Re7 26. b3 Ba6 27. Nxe6
Rf7 28. Rxf7 Qxf7 29. h4 Re8 30. Ng5 Qc7 31. Qf4 Qe7 32. Qd2 Bb7 33. Qd4 Qe5
34. Qf2 Qc5 0-1

[Event "Pilsen Open 2015"]
[Site "Pilsen CZE"]
[Date "2015.11.23"]
[Round "2.3"]
[White "Borsos, Bogdan"]
[Black "Verwoert, Jef"]
[Result "1-0"]
[WhiteElo "2278"]
[BlackElo "2030"]
[PlyCount "59"]
[EventDate "2015.11.22"]
[EventType "swiss"]
[EventRounds "7"]
[EventCountry "CZE"]
[Source "lmi"]
[SourceDate "2015.11.22"]

1. Nf3 c5 2. c4 Nc6 3. Nc3 Nf6 4. e3 g6 5. d4 cxd4 6. exd4 d6 7. d5 Nb8 8. Be2
Bg4 9. Ng5 Bxe2 10. Qxe2 Bg7 11. O-O O-O 12. Re1 h6 13. Nge4 Nxe4 14. Qxe4 Nd7
15. Qxe7 Qxe7 16. Rxe7 Rfe8 17. Rxe8+ Rxe8 18. Bd2 Rc8 19. b3 b5 20. Rc1 bxc4
21. Ne4 c3 22. Nxc3 Rc5 23. b4 Bxc3 24. bxc5 Bxd2 25. Rc2 Ba5 26. c6 Nb6 27.
Rb2 Nxd5 28. Rb5 Ne7 29. Rxa5 Nxc6 30. Ra6 1-0

[Event "Pilsen Open 2015"]
[Site "Pilsen CZE"]
[Date "2015.11.23"]
[Round "2.4"]
[White "Docekal, Jan"]
[Black "Vlk, Miloslav"]
[Result "1-0"]
[WhiteElo "2276"]
[BlackElo "1988"]
[PlyCount "71"]
[EventDate "2015.11.22"]
[EventType "swiss"]
[EventRounds "7"]
[EventCountry "CZE"]
[Source "lmi"]
[SourceDate "2015.11.22"]

1. e4 e5 2. Bc4 Nf6 3. Qe2 Nc6 4. c3 Bc5 5. Nf3 d6 6. O-O Be6 7. Bb5 O-O 8.
Bxc6 bxc6 9. d4 exd4 10. cxd4 Bb6 11. h3 d5 12. e5 Ne4 13. Nc3 Bf5 14. Be3 c5
15. Nxe4 dxe4 16. dxc5 exf3 17. Qxf3 Be6 18. cxb6 axb6 19. Rfd1 Qe7 20. Qg3 Kh8
21. a3 Rad8 22. Bg5 Rxd1+ 23. Rxd1 f6 24. exf6 gxf6 25. Bf4 Rg8 26. Qe3 Qg7 27.
Bg3 Bc4 28. Rc1 Qf7 29. Qf4 b5 30. b3 Bxb3 31. Rxc7 Qg6 32. Rc6 Rf8 33. Qb4
Qb1+ 34. Kh2 Rf7 35. Qxb5 Kg7 36. Rb6 1-0

[Event "Pilsen Open 2015"]
[Site "Pilsen CZE"]
[Date "2015.11.23"]
[Round "2.5"]
[White "Daels, Marc"]
[Black "Stanislowski, Detlev"]
[Result "1-0"]
[WhiteElo "2238"]
[BlackElo "1964"]
[PlyCount "35"]
[EventDate "2015.11.22"]
[EventType "swiss"]
[EventRounds "7"]
[EventCountry "CZE"]
[Source "lmi"]
[SourceDate "2015.11.22"]

1. d4 d5 2. Nf3 Nf6 3. c4 c6 4. Nc3 e6 5. e3 Nbd7 6. Bd3 Bd6 7. e4 dxe4 8. Nxe4
Nxe4 9. Bxe4 Nf6 10. Bc2 Qa5+ 11. Bd2 Qh5 12. Qe2 O-O 13. O-O-O b5 14. h3 bxc4
15. Bg5 h6 16. g4 Nxg4 17. hxg4 Qxg4 18. Rh4 1-0

[Event "Pilsen Open 2015"]
[Site "Pilsen CZE"]
[Date "2015.11.23"]
[Round "2.6"]
[White "Hajek, Jiri"]
[Black "Chudinovskikh, Alexander M"]
[Result "1/2-1/2"]
[WhiteElo "1934"]
[BlackElo "2235"]
[PlyCount "83"]
[EventDate "2015.11.22"]
[EventType "swiss"]
[EventRounds "7"]
[EventCountry "CZE"]
[Source "lmi"]
[SourceDate "2015.11.22"]

1. e4 e5 2. Nf3 Nc6 3. Nc3 Nf6 4. d4 exd4 5. Nxd4 Bb4 6. Nxc6 bxc6 7. Bd3 d5 8.
exd5 cxd5 9. O-O O-O 10. Bg5 c6 11. Qf3 h6 12. Bxf6 Qxf6 13. Qxf6 gxf6 14. Nd1
Re8 15. Ne3 Re5 16. Rad1 Rb8 17. c4 Ba5 18. cxd5 cxd5 19. b3 Be6 20. Nc2 Bb6
21. h3 a5 22. Kh2 d4 23. Na3 Bc7 24. Kh1 a4 25. bxa4 Bxa2 26. Nb5 Bb6 27. a5
Bxa5 28. Ra1 Rexb5 29. Bxb5 Rxb5 30. Rxa2 d3 31. Rd1 d2 32. Kh2 Re5 33. Kg3 Bc3
34. Rc2 Re1 35. Rdxd2 Bxd2 36. Rxd2 Kg7 37. Rd4 h5 38. Kh4 Kg6 39. g3 Re8 40.
Rd5 f5 41. f4 f6 42. Rd7 1/2-1/2

[Event "Pilsen Open 2015"]
[Site "Pilsen CZE"]
[Date "2015.11.23"]
[Round "2.7"]
[White "Piankov, Evgenij"]
[Black "Prachar, Josef"]
[Result "1-0"]
[WhiteElo "2233"]
[BlackElo "1940"]
[PlyCount "45"]
[EventDate "2015.11.22"]
[EventType "swiss"]
[EventRounds "7"]
[EventCountry "CZE"]
[Source "lmi"]
[SourceDate "2015.11.22"]

1. f4 Nf6 2. Nf3 g6 3. e3 Bg7 4. d4 d6 5. Bd3 O-O 6. O-O b6 7. e4 Bb7 8. Qe2 c5
9. c3 e6 10. Na3 a6 11. e5 dxe5 12. dxe5 Ne8 13. Be4 Bxe4 14. Qxe4 Ra7 15. Be3
Rd7 16. b4 cxb4 17. cxb4 Rd5 18. Nc4 Nd7 19. Rac1 Kh8 20. a4 f5 21. Qc2 b5 22.
Na5 Nb6 23. Ng5 1-0

[Event "Pilsen Open 2015"]
[Site "Pilsen CZE"]
[Date "2015.11.23"]
[Round "2.8"]
[White "Kejzlar, Lubos"]
[Black "Palek, Miroslav"]
[Result "0-1"]
[WhiteElo "1922"]
[BlackElo "2214"]
[PlyCount "74"]
[EventDate "2015.11.22"]
[EventType "swiss"]
[EventRounds "7"]
[EventCountry "CZE"]
[Source "lmi"]
[SourceDate "2015.11.22"]

1. e4 e5 2. Nf3 Nc6 3. Nc3 Nf6 4. g3 Bc5 5. Bg2 d6 6. d3 a6 7. h3 h6 8. O-O O-O
9. Be3 Bxe3 10. fxe3 g6 11. Qd2 Kg7 12. d4 Nh7 13. Kh2 f6 14. Rad1 Ng5 15. Rf2
Nxf3+ 16. Bxf3 Ne7 17. g4 Be6 18. Nd5 Nxd5 19. exd5 Bd7 20. Be4 f5 21. gxf5
gxf5 22. Rg1+ Kh8 23. Bf3 Qh4 24. dxe5 dxe5 25. Rfg2 f4 26. Bg4 f3 27. Qf2 Qf6
28. Rg3 Bxg4 29. Rxg4 Rg8 30. e4 Rxg4 31. Rxg4 Rf8 32. Kg1 h5 33. Qh4 Qxh4 34.
Rxh4 Rg8+ 35. Kf2 Rg5 36. c4 Kh7 37. c5 Kh6 0-1

[Event "Pilsen Open 2015"]
[Site "Pilsen CZE"]
[Date "2015.11.23"]
[Round "2.9"]
[White "Kiltti, Jyrki"]
[Black "Pavlicek, Petr"]
[Result "1/2-1/2"]
[WhiteElo "2203"]
[BlackElo "1929"]
[PlyCount "72"]
[EventDate "2015.11.22"]
[EventType "swiss"]
[EventRounds "7"]
[EventCountry "CZE"]
[Source "lmi"]
[SourceDate "2015.11.22"]

1. e4 c5 2. Nf3 d6 3. d4 cxd4 4. Nxd4 Nf6 5. Bd3 g6 6. O-O Bg7 7. c4 O-O 8. Nc3
Bg4 9. Be2 Bxe2 10. Qxe2 Nbd7 11. Nb3 Rc8 12. Bf4 Nb6 13. Na5 Na4 14. Nxa4 Qxa5
15. b3 Rfe8 16. Rad1 Rc6 17. Rfe1 Rec8 18. Bd2 Qh5 19. Nc3 Qxe2 20. Rxe2 a6 21.
Nd5 Kf8 22. Bg5 Nxd5 23. exd5 R6c7 24. Rde1 f6 25. Bf4 Kf7 26. c5 Bf8 27. b4
Rd7 28. cxd6 exd6 29. Rb1 Rc4 30. g3 Rd4 31. Rd2 Rxd2 32. Bxd2 Rc7 33. Rc1
Rxc1+ 34. Bxc1 b5 35. Bb2 f5 36. f4 Bg7 1/2-1/2